words start O [250 common english word] - Statistics

General Stats
  • This quiz has been taken 13 times
  • The average score is 8 of 12
Answer Stats
lp Answer % Correct
7 or
92%
1 of
85%
4 on
85%
10 out
77%
2 off
69%
8 other
69%
5 one
62%
11 over
62%
3 old
54%
6 only
54%
12 own
54%
9 our
38%
No matching quizzes found
Score Distribution
Percent of People with Each Score
Percentile by Number Answered
Your Score History
You have not taken this quiz